000 00294nam a22001337a 4500
008 170222b xxu||||| |||| 00| 0 eng d
020 _a9781111542993
041 _aeng
080 _24 ED
_a6161 31
100 _a5
101 _aSHS
245 _aDENTAL ASSISTING
_cPHINNEY.D.J
942 _2udc
_cBK
999 _c6084
_d6084